<?xml version="1.0" encoding="UTF-8"?>
<record
    xmlns:xsi="http://www.w3.org/2001/XMLSchema-instance"
    xsi:schemaLocation="http://www.loc.gov/MARC21/slim http://www.loc.gov/standards/marcxml/schema/MARC21slim.xsd"
    xmlns="http://www.loc.gov/MARC21/slim">

  <leader>01055nam a22001817a 4500</leader>
  <controlfield tag="008">120502t        xxu||||| |||| 00| 0 eng d</controlfield>
  <datafield tag="020" ind1=" " ind2=" ">
    <subfield code="a">047105318X 9780471053187</subfield>
  </datafield>
  <datafield tag="050" ind1=" " ind2=" ">
    <subfield code="a">HE6239.E54 S36  </subfield>
  </datafield>
  <datafield tag="100" ind1=" " ind2=" ">
    <subfield code="a">Schneier, Bruce.</subfield>
  </datafield>
  <datafield tag="245" ind1=" " ind2=" ">
    <subfield code="a">E-mail security : how to keep your electronic messages private. /</subfield>
    <subfield code="c">Bruce Schneier.</subfield>
  </datafield>
  <datafield tag="260" ind1=" " ind2=" ">
    <subfield code="a">New York : </subfield>
    <subfield code="b"> John Wiley &amp; Sons,</subfield>
    <subfield code="c"> 1995.</subfield>
  </datafield>
  <datafield tag="300" ind1=" " ind2=" ">
    <subfield code="a">xii, 365 p. :</subfield>
    <subfield code="b"> ill. ; </subfield>
    <subfield code="c"> 24 cm.</subfield>
  </datafield>
  <datafield tag="505" ind1=" " ind2=" ">
    <subfield code="a">Contents: Part 1: Privacy and electronic mail -- The Problem -- Encription -- Key management -- Authentication -- Certificates -- Keeping your private key private -- Odds and ends -- Patents, governments, and export laws -- Achieving electronic -mail privacy -- Reqiurements and features -- Privacy enhanced mail --  Pretty good privacy -- Comparing PGP and PEM -- Attacks against PGP AND PEM -- Appendix A: Pretty good privacy -- Appendix B: Privacy enhanced mail.  </subfield>
  </datafield>
  <datafield tag="650" ind1=" " ind2=" ">
    <subfield code="a">Electronic mail systems. </subfield>
  </datafield>
  <datafield tag="650" ind1=" " ind2=" ">
    <subfield code="a">Computer networks and techniques</subfield>
  </datafield>
  <datafield tag="650" ind1=" " ind2=" ">
    <subfield code="a">Computers </subfield>
    <subfield code="x"> Security </subfield>
  </datafield>
  <datafield tag="942" ind1=" " ind2=" ">
    <subfield code="2">lcc</subfield>
    <subfield code="c">BK</subfield>
  </datafield>
  <datafield tag="999" ind1=" " ind2=" ">
    <subfield code="c">806</subfield>
    <subfield code="d">8306</subfield>
  </datafield>
  <datafield tag="952" ind1=" " ind2=" ">
    <subfield code="0">0</subfield>
    <subfield code="1">0</subfield>
    <subfield code="2">lcc</subfield>
    <subfield code="4">0</subfield>
    <subfield code="7">0</subfield>
    <subfield code="a">WIUC-1</subfield>
    <subfield code="b">WIUC-1</subfield>
    <subfield code="c">GEN</subfield>
    <subfield code="d">2012-05-02</subfield>
    <subfield code="l">0</subfield>
    <subfield code="o">HE6239.E54 S36</subfield>
    <subfield code="p">1962/12</subfield>
    <subfield code="r">2012-05-02 00:00:00</subfield>
    <subfield code="t">1</subfield>
    <subfield code="w">2012-05-02</subfield>
    <subfield code="y">BK</subfield>
  </datafield>
  <datafield tag="952" ind1=" " ind2=" ">
    <subfield code="0">0</subfield>
    <subfield code="1">0</subfield>
    <subfield code="2">lcc</subfield>
    <subfield code="4">0</subfield>
    <subfield code="7">0</subfield>
    <subfield code="a">WIUC-1</subfield>
    <subfield code="b">WIUC-1</subfield>
    <subfield code="c">GEN</subfield>
    <subfield code="d">2012-05-02</subfield>
    <subfield code="l">0</subfield>
    <subfield code="o">HE6239.E54 S361</subfield>
    <subfield code="p">1963/12</subfield>
    <subfield code="r">2012-05-02 00:00:00</subfield>
    <subfield code="t">2</subfield>
    <subfield code="w">2012-05-02</subfield>
    <subfield code="y">BK</subfield>
  </datafield>
  <datafield tag="952" ind1=" " ind2=" ">
    <subfield code="0">0</subfield>
    <subfield code="1">0</subfield>
    <subfield code="2">lcc</subfield>
    <subfield code="4">0</subfield>
    <subfield code="7">0</subfield>
    <subfield code="a">WIUC-1</subfield>
    <subfield code="b">WIUC-1</subfield>
    <subfield code="c">GEN</subfield>
    <subfield code="d">2012-05-02</subfield>
    <subfield code="l">0</subfield>
    <subfield code="o">HE6239.E54 S362</subfield>
    <subfield code="p">1964/12</subfield>
    <subfield code="r">2012-05-02 00:00:00</subfield>
    <subfield code="t">3</subfield>
    <subfield code="w">2012-05-02</subfield>
    <subfield code="y">BK</subfield>
  </datafield>
  <datafield tag="952" ind1=" " ind2=" ">
    <subfield code="0">0</subfield>
    <subfield code="1">0</subfield>
    <subfield code="2">lcc</subfield>
    <subfield code="4">0</subfield>
    <subfield code="7">0</subfield>
    <subfield code="a">WIUC-1</subfield>
    <subfield code="b">WIUC-1</subfield>
    <subfield code="c">GEN</subfield>
    <subfield code="d">2012-05-02</subfield>
    <subfield code="l">0</subfield>
    <subfield code="o">HE6239.E54 S363</subfield>
    <subfield code="p">1965/12</subfield>
    <subfield code="r">2012-05-02 00:00:00</subfield>
    <subfield code="t">4</subfield>
    <subfield code="w">2012-05-02</subfield>
    <subfield code="y">BK</subfield>
  </datafield>
</record>
